000 02026nam a22002897a 4500
003 BJBSDDR
005 20260429102552.0
007 ta
008 260414s2003 cau||||| |||| 00| 0 eng d
020 _a9781879505704
020 _a879505703
040 _beng
_cDLC
041 _aeng
050 1 4 _aPN 1996
_bR969s 2003
100 1 _aRussin, Robin U.
_q(Robin Uriel),
_d1957-
_94115
245 1 0 _aScreenplay :
_bwriting the picture /
_cRobin U. Russin and William Missouri Downs.
260 _aLos Angeles :
_bSilman-James Press,
_c2003
300 _axv, 438 pages :
_billustrations ;
_c26 cm
500 _aOriginally published: Fort Worth : Harcourt College Publishers, 2000.
504 _aIncludes bibliographical references (pages [414]-416) and index.
520 _aScreenplay is a complete screenwriting course-from developing a theme, researching a story, plotting and structuring a script, developing characters, and plying methods that aid the actual writing and rewriting processes through understanding the ins and outs of marketing and pitching scripts. Well-written, comprehensive, and filled with illustrative screenplay examples, both innovative and tried-and-true writing techniques, sage advice from veteran writers, and pertinent writing anecdotes, this one-of-a-kind screenwriting book will help both novices and working screenwriters improve and sell their scripts. Robin U. Russin is a playwright, award-winning screenwriter, producer, University of California, Riverside, screenwriting teacher. Among his film-writing credits is the feature On Deadly Ground. William Missouri Downs is an award-winning playwright whose work has been produced at the Kennedy Center and around the world. Two of his most recent plays, Cockeyed and Kosher Lutherans are published by Samuel French.
650 4 _aCine
_xArgumentos, tramas, etc.
_94047
650 4 _aCinematografía
_xArte de escribir
_93791
700 1 _aDowns, William Missouri,
_d1955-
_94116
942 _2lcc
_cBK
946 _icmc
999 _c126807
_d126807